| 000 | 00376nam a22001457a 4500 | ||
|---|---|---|---|
| 003 | OSt | ||
| 008 | 250218b |||||||| |||| 00| 0 eng d | ||
| 041 | _aeng | ||
| 082 |
_a547 _bHOR/OR |
||
| 100 |
_aHorrison, Robert Thornton _97174 |
||
| 245 | _aOrganic Chemistry | ||
| 250 | _a6th ed 2nd Reprint | ||
| 260 |
_aNew Delhi: _bPrentice Hall of India Pvt Ltd, _c1999. |
||
| 942 | _cBK | ||
| 999 |
_c19405 _d19405 |
||